[Event "Online Olym Div4 A"]
[Site "Chess.com INT"]
[Date "2021.08.21"]
[Round "4.4"]
[White "Hj, Azahari Md Aliuddin"]
[Black "Thing, Bibek"]
[Result "1/2-1/2"]
[WhiteElo "1960"]
[BlackElo "2190"]
[PlyCount "103"]
[EventDate "2021.08.20"]
[EventType "team (rapid)"]
[EventRounds "11"]
[EventCountry "USA"]
[SourceTitle "CBM 203 Extra"]
[Source "ChessBase"]
[SourceDate "2021.09.30"]
[SourceVersion "1"]
[SourceVersionDate "2021.09.30"]
[SourceQuality "1"]
[WhiteTeam "Brunei"]
[BlackTeam "Nepal"]
[WhiteTeamCountry "BRN"]
[BlackTeamCountry "NEP"]

1. e4 c5 2. Nf3 d6 3. Bb5+ Bd7 4. Bxd7+ Qxd7 5. c4 Nf6 6. Nc3 g6 7. 0-0 Bg7 8. h3 0-0 9. d4 cxd4 10. Nxd4 Rc8 11. b3 d5 12. exd5 Nxd5 13. Nxd5 e6 14. Be3 exd5 15. cxd5 Qxd5 16. Rc1 Rd8 17. Nb5 Qxd1 18. Rfxd1 Rxd1+ 19. Rxd1 Nc6 20. Rd7 a6 21. Nd6 Rd8 22. Rxd8+ Nxd8 23. Kf1 Be5 24. Nc4 Bc7 25. Ke2 Nc6 26. Bb6 Bb8 27. Nb2 Kf8 28. Nd3 Bd6 29. Nc5 Bxc5 30. Bxc5+ Ke8 31. Kd3 Kd7 32. Kc4 Ke6 33. Be3 Ne5+ 34. Kc5 Nd7+ 35. Kd4 f6 36. Bf4 g5 37. Bd2 Ne5 38. f4 gxf4 39. Bxf4 Nd7 40. g4 f5 41. g5 Nf8 42. Bd2 Ng6 43. Ke3 Ke5 44. Bc3+ Kd5 45. Kf3 b5 46. Ke3 Kc5 47. Kf2 Kd5 48. Kf3 Kc5 49. Ke3 Kd5 50. Kf3 Kc5 51. Ke3 Kd5 52. Kf3 1/2-1/2

[Event "Asia Nations online Cup"]
[Site "Chess.com INT"]
[Date "2020.10.16"]
[Round "5.8"]
[White "Hj, Azahari Md Aliuddin"]
[Black "Al Saffar, Araz Basim Mohammed"]
[Result "0-1"]
[WhiteElo "1960"]
[BlackElo "2382"]
[PlyCount "72"]
[EventDate "2020.10.10"]
[EventType "team-swiss (rapid)"]
[EventRounds "9"]
[EventCountry "IND"]
[SourceTitle "CBM 198 Extra"]
[Source "ChessBase"]
[SourceDate "2020.11.30"]
[SourceVersion "1"]
[SourceVersionDate "2020.11.30"]
[SourceQuality "1"]
[WhiteTeam "Brunei"]
[BlackTeam "Iraq"]
[WhiteTeamCountry "BRN"]
[BlackTeamCountry "IRQ"]

1. e4 e5 2. Nf3 Nf6 3. Nc3 Bb4 4. Nxe5 0-0 5. Be2 Re8 6. Nd3 Bxc3 7. dxc3 Nxe4 8. 0-0 d6 9. Nf4 Nd7 10. Bf3 Ndf6 11. Re1 Bd7 12. Be3 Bc6 13. c4 Qd7 14. Nd5 Bxd5 15. cxd5 Qb5 16. b3 Qxd5 17. Qxd5 Nxd5 18. Bxa7 Rxa7 19. Bxe4 Nf6 20. Bf3 Rxe1+ 21. Rxe1 Rxa2 22. Bxb7 Rxc2 23. g3 Kf8 24. Bf3 Rc3 25. Re3 Rxe3 26. fxe3 Ke7 27. Kf2 d5 28. Ke2 Kd6 29. Kd3 Kc5 30. Kc3 Ne4+ 31. Kd3 f5 32. b4+ Kxb4 33. Kd4 c5+ 34. Kxd5 c4 35. Kd4 c3 36. Kd3 Kb3 0-1

[Event "Online Olym Div4 A"]
[Site "Chess.com INT"]
[Date "2020.08.02"]
[Round "8.2"]
[White "Ayyad, Husain Abdulgalil"]
[Black "Hj, Azahari Md Aliuddin"]
[Result "1-0"]
[WhiteElo "2209"]
[BlackElo "1960"]
[PlyCount "75"]
[EventDate "2020.07.31"]
[EventType "team-tourn (rapid)"]
[EventRounds "9"]
[EventCountry "USA"]
[SourceTitle "CBM 198"]
[Source "ChessBase"]
[SourceDate "2020.10.31"]
[SourceVersion "1"]
[SourceVersionDate "2020.10.31"]
[SourceQuality "1"]
[WhiteTeam "Bahrain"]
[BlackTeam "Brunei"]
[WhiteTeamCountry "BHN"]
[BlackTeamCountry "BRN"]

1. e4 e5 2. Nf3 Nc6 3. d4 exd4 4. Bc4 Bc5 5. 0-0 Nf6 6. e5 d5 7. Bb5 Ne4 8. Nxd4 Bd7 9. Bxc6 bxc6 10. Be3 0-0 11. f3 Ng5 12. f4 Ne4 13. Nd2 Nxd2 14. Qxd2 Re8 15. Kh1 Bb6 16. Nb3 f6 17. Qc3 Qe7 18. Bc5 Qf7 19. Rae1 h6 20. h3 fxe5 21. fxe5 Qh5 22. Kh2 Rad8 23. a4 Bc8 24. a5 Bxc5 25. Nxc5 Kh8 26. Qd4 Re7 27. Nd3 a6 28. Rf3 Rde8 29. Ref1 Kg8 30. Qc5 Qg6 31. Qf2 Qe4 32. Rf7 c5 33. Rxe7 Rxe7 34. Qf8+ Kh7 35. Qxe7 c4 36. Nf4 Qxc2 37. Nh5 Qg6 38. Nf6+ 1-0

[Event "Online Olym Div4 A"]
[Site "Chess.com INT"]
[Date "2020.07.31"]
[Round "2.3"]
[White "Hj, Azahari Md Aliuddin"]
[Black "Kulpruethanon, Thanadon"]
[Result "0-1"]
[WhiteElo "1960"]
[BlackElo "2282"]
[PlyCount "52"]
[EventDate "2020.07.31"]
[EventType "team-tourn (rapid)"]
[EventRounds "9"]
[EventCountry "USA"]
[SourceTitle "CBM 198"]
[Source "ChessBase"]
[SourceDate "2020.10.31"]
[SourceVersion "1"]
[SourceVersionDate "2020.10.31"]
[SourceQuality "1"]
[WhiteTeam "Brunei"]
[BlackTeam "Thailand"]
[WhiteTeamCountry "BRN"]
[BlackTeamCountry "THA"]

1. e4 c5 2. Nf3 Nc6 3. Bb5 g6 4. Bxc6 dxc6 5. 0-0 Bg7 6. d3 Nf6 7. Nbd2 Nd7 8. a4 a5 9. Nc4 Qc7 10. Rb1 0-0 11. Bg5 Re8 12. c3 h6 13. Bh4 e5 14. Bg3 b5 15. axb5 cxb5 16. Ne3 Bb7 17. Qc2 Qc6 18. Nd5 f5 19. h3 c4 20. dxc4 bxc4 21. Rbd1 fxe4 22. Qxe4 Nb6 23. Nxe5 Nxd5 24. Nxc6 Rxe4 25. Rxd5 Bxc6 26. Rd6 Be8 0-1

[Event "Olympiad-42"]
[Site "Baku"]
[Date "2016.09.12"]
[Round "10.3"]
[White "Soriano, Rudolph P"]
[Black "Hj, Azahari Md Aliuddin"]
[Result "1/2-1/2"]
[WhiteElo "1787"]
[BlackElo "2004"]
[PlyCount "90"]
[EventDate "2016.09.02"]
[EventType "team-swiss"]
[EventRounds "11"]
[EventCountry "AZE"]
[SourceTitle "CBM 175"]
[Source "ChessBase"]
[SourceDate "2016.11.10"]
[SourceVersion "1"]
[SourceVersionDate "2016.11.10"]
[SourceQuality "1"]
[WhiteTeam "Guam"]
[BlackTeam "Brunei"]
[WhiteTeamCountry "GMA"]
[BlackTeamCountry "BRN"]

1. Nf3 g6 2. g3 Bg7 3. Bg2 Nf6 4. 0-0 0-0 5. d3 d5 6. Nbd2 Re8 7. Re1 e5 8. e4 dxe4 9. dxe4 c6 10. c3 Na6 11. Qc2 Nc5 12. Bf1 a5 13. a4 Qc7 14. b3 h6 15. Ba3 Bf8 16. h3 Be6 17. Kh2 Qb6 18. Reb1 Ncd7 19. Nc4 Bxc4 20. bxc4 Qc7 21. Bc1 Nc5 22. Nd2 Rad8 23. f3 Rd7 24. Nb3 Kh7 25. Be3 Ne6 26. h4 h5 27. c5 Red8 28. Rd1 Bh6 29. Bf2 g5 30. hxg5 Nxg5 31. Be2 h4 32. g4 Ne6 33. Bxh4 Bf4+ 34. Kg2 Kg6 35. Rxd7 Rxd7 36. Rd1 Be3 37. Bg3 Kg7 38. Bc4 Nxc5 39. Nd4 Bf4 40. Nf5+ Kf8 41. Bxf4 exf4 42. g5 Ng8 43. Rxd7 Qxd7 44. Qf2 Ne6 45. Be2 Qd8 1/2-1/2

[Event "Olympiad-42"]
[Site "Baku"]
[Date "2016.09.08"]
[Round "6.3"]
[White "Darwish, Hashim"]
[Black "Hj, Azahari Md Aliuddin"]
[Result "0-1"]
[WhiteElo "1766"]
[BlackElo "2004"]
[PlyCount "66"]
[EventDate "2016.09.02"]
[EventType "team-swiss"]
[EventRounds "11"]
[EventCountry "AZE"]
[SourceTitle "CBM 175"]
[Source "ChessBase"]
[SourceDate "2016.11.10"]
[SourceVersion "1"]
[SourceVersionDate "2016.11.10"]
[SourceQuality "1"]
[WhiteTeam "Bahrain"]
[BlackTeam "Brunei"]
[WhiteTeamCountry "BHN"]
[BlackTeamCountry "BRN"]

1. e4 d6 2. d4 Nf6 3. Nd2 e5 4. Bb5+ c6 5. dxe5 dxe5 6. Bc4 Bc5 7. Ngf3 Nbd7 8. 0-0 0-0 9. Qe2 Qe7 10. Nb3 Bb6 11. Bg5 Re8 12. Rad1 Nf8 13. Be3 Ng6 14. Ng5 Rf8 15. a4 h6 16. Nf3 Nh5 17. a5 Nhf4 18. Bxf4 Nxf4 19. Qe1 Bg4 20. Be2 Bc7 21. Nfd4 Qg5 22. Nf3 Qh5 23. Nc5 Bxa5 24. c3 Bb6 25. Nd3 Nxg2 26. Kxg2 Qh3+ 27. Kg1 Bxf3 28. Bxf3 Qxf3 29. Nxe5 Qf4 30. Nd7 Rfe8 31. Nxb6 Qg4+ 32. Kh1 Qf3+ 33. Kg1 Re6 0-1

[Event "Penang op 7th"]
[Site "Penang"]
[Date "2015.12.12"]
[Round "9"]
[White "Wong, Yinn Long"]
[Black "Hj, Azahari Md Aliuddin"]
[Result "1-0"]
[WhiteElo "2205"]
[BlackElo "2010"]
[PlyCount "41"]
[EventDate "2015.12.07"]
[EventType "swiss"]
[EventRounds "9"]
[EventCountry "MAS"]
[SourceTitle "CBM 169 Extra"]
[Source "ChessBase"]
[SourceDate "2015.12.18"]
[SourceVersion "1"]
[SourceVersionDate "2015.12.18"]
[SourceQuality "1"]

1. e4 d6 2. d4 Nf6 3. Nc3 e5 4. Nge2 Nbd7 5. g3 c6 6. a4 b6 7. Bg2 Be7 8. 0-0 0-0 9. h3 a6 10. g4 h6 11. Be3 Bb7 12. Ng3 b5 13. Nf5 exd4 14. Bxd4 c5 15. Bxf6 Nxf6 16. e5 Bxg2 17. exf6 Bxf6 18. Kxg2 b4 19. Ne4 Bxb2 20. Rb1 Be5 21. f4 1-0

[Event "Penang op 7th"]
[Site "Penang"]
[Date "2015.12.07"]
[Round "1"]
[White "Hj, Azahari Md Aliuddin"]
[Black "Bitoon, Richard"]
[Result "0-1"]
[WhiteElo "2010"]
[BlackElo "2417"]
[PlyCount "60"]
[EventDate "2015.12.07"]
[EventType "swiss"]
[EventRounds "9"]
[EventCountry "MAS"]
[SourceTitle "CBM 169 Extra"]
[Source "ChessBase"]
[SourceDate "2015.12.18"]
[SourceVersion "1"]
[SourceVersionDate "2015.12.18"]
[SourceQuality "1"]

1. e4 c5 2. Nf3 b6 3. d4 cxd4 4. Nxd4 Bb7 5. Nc3 e6 6. Bd3 Bc5 7. Nb3 Be7 8. 0-0 d6 9. f4 Nd7 10. Qe2 a6 11. a4 Qc7 12. Be3 Ngf6 13. Rad1 0-0 14. g4 d5 15. e5 Ne4 16. Bxe4 dxe4 17. Rd4 Rad8 18. Rfd1 Nc5 19. Rxd8 Rxd8 20. Rxd8+ Qxd8 21. Nxc5 bxc5 22. Qc4 h6 23. Kf2 Bf8 24. Kg3 Qb6 25. b3 Qa5 26. Kf2 Qd8 27. Kg3 g5 28. Nxe4 Qd1 29. Nf6+ Kh8 30. Bf2 Qf3# 0-1

[Event "Asia-ch Amateur"]
[Site "Bandar Seri Begawan"]
[Date "2015.09.09"]
[Round "6"]
[White "Hj, Azahari Md Aliuddin"]
[Black "Shyam Sundar, T."]
[Result "0-1"]
[WhiteElo "2012"]
[BlackElo "1762"]
[PlyCount "54"]
[EventDate "2015.09.07"]
[EventType "swiss"]
[EventRounds "9"]
[EventCountry "BRN"]
[SourceTitle "EXT 2016"]
[Source "ChessBase"]
[SourceDate "2015.10.08"]
[SourceVersion "1"]
[SourceVersionDate "2015.10.08"]
[SourceQuality "1"]

1. e4 c6 2. d4 d5 3. Nc3 dxe4 4. Nxe4 Bf5 5. Ng3 Bg6 6. h4 h6 7. Nf3 Nd7 8. h5 Bh7 9. Bd3 Bxd3 10. Qxd3 e6 11. Bd2 Ngf6 12. 0-0-0 Qc7 13. Ne4 Nxe4 14. Qxe4 Nf6 15. Qe2 Bd6 16. g3 0-0-0 17. c4 c5 18. Bc3 cxd4 19. Bxd4 Qa5 20. a3 Rd7 21. Bxf6 gxf6 22. Qe4 Rhd8 23. Qe3 Bc5 24. Qxh6 Bxa3 25. Rxd7 Qc3+ 26. Kd1 Qxf3+ 27. Kc2 Rxd7 0-1

[Event "Asia Cities-ch 19th"]
[Site "Kalutara "]
[Date "2015.07.25"]
[Round "6"]
[White "Hj, Azahari Md Aliuddin"]
[Black "Dodean, Mahmood"]
[Result "1-0"]
[WhiteElo "2065"]
[BlackElo "1837"]
[PlyCount "58"]
[EventDate "2015.07.22"]
[EventType "team-tourn"]
[EventRounds "9"]
[EventCountry "SRI"]
[SourceTitle "EXT 2020"]
[Source "ChessBase"]
[SourceDate "2019.10.17"]
[SourceVersion "1"]
[SourceVersionDate "2019.10.17"]
[SourceQuality "1"]
[WhiteTeam "Bandar Seri Begawan"]
[BlackTeam "Al Quds (Jerusalem)"]
[WhiteTeamCountry "BRN"]
[BlackTeamCountry "PLE"]

1. e4 c6 2. d4 d5 3. Nc3 dxe4 4. Nxe4 Bf5 5. Ng3 Bg6 6. h4 h5 7. Nf3 Nd7 8. Bd3 Bxd3 9. Qxd3 Ngf6 10. Bd2 e6 11. 0-0-0 Be7 12. Ne4 Nxe4 13. Qxe4 Nf6 14. Qe2 Qd5 15. Kb1 0-0-0 16. Bg5 Rde8 17. Ne5 Ref8 18. Rhe1 Ng8 19. c4 Qa5 20. Bd2 Bb4 21. Bxb4 Qxb4 22. d5 exd5 23. cxd5 Ne7 24. dxc6 Nxc6 25. Nxc6 bxc6 26. Qa6+ Qb7 27. Qxb7+ Kxb7 28. Re2 Kb6 29. Red2 a5 1-0

[Event "Asia Cities-ch 19th"]
[Site "Kalutara "]
[Date "2015.07.23"]
[Round "2"]
[White "Ibarhim, Firaq"]
[Black "Hj, Azahari Md Aliuddin"]
[Result "1/2-1/2"]
[WhiteElo "1563"]
[BlackElo "2065"]
[PlyCount "63"]
[EventDate "2015.07.22"]
[EventType "team-tourn"]
[EventRounds "9"]
[EventCountry "SRI"]
[SourceTitle "EXT 2020"]
[Source "ChessBase"]
[SourceDate "2019.10.17"]
[SourceVersion "1"]
[SourceVersionDate "2019.10.17"]
[SourceQuality "1"]
[WhiteTeam "Male"]
[BlackTeam "Bandar Seri Begawan"]
[WhiteTeamCountry "MDV"]
[BlackTeamCountry "BRN"]

1. d4 Nf6 2. Nf3 g6 3. c4 c5 4. d5 b5 5. e3 bxc4 6. Bxc4 d6 7. Nc3 Bg7 8. 0-0 0-0 9. Re1 Nbd7 10. Rb1 Rb8 11. b3 Ng4 12. Ne4 Nge5 13. Ned2 Nb6 14. Nxe5 Bxe5 15. Bb2 Bxb2 16. Rxb2 Nxc4 17. Nxc4 Ba6 18. Rc2 Bb5 19. Qd2 Bxc4 20. Rxc4 a5 21. e4 f6 22. Re3 Rb4 23. Rec3 Qb6 24. Qh6 Qb5 25. Qc1 Kg7 26. Rxb4 axb4 27. Rc4 Ra8 28. Qd2 Ra3 29. h3 Qa6 30. Rc2 Qb7 31. Qe2 Qa6 32. Qd2 1/2-1/2

[Event "Olympiad-41"]
[Site "Tromsoe"]
[Date "2014.08.12"]
[Round "10.4"]
[White "Kalugampitiya, RS."]
[Black "Hj, Azahari Md Aliuddin"]
[Result "0-1"]
[WhiteElo "2121"]
[BlackElo "2030"]
[PlyCount "86"]
[EventDate "2014.08.02"]
[EventType "team-swiss"]
[EventRounds "11"]
[EventCountry "NOR"]
[SourceTitle "CBM 162"]
[Source "ChessBase"]
[SourceDate "2014.09.17"]
[SourceVersion "1"]
[SourceVersionDate "2014.09.17"]
[SourceQuality "1"]
[WhiteTeam "Sri Lanka"]
[BlackTeam "Brunei"]
[WhiteTeamCountry "SRI"]
[BlackTeamCountry "BRN"]

1. d4 Nf6 2. c4 c5 3. d5 b5 4. cxb5 a6 5. bxa6 g6 6. g3 Bxa6 7. Bg2 d6 8. Nf3 Nbd7 9. 0-0 Nb6 10. Nc3 Bg7 11. Re1 0-0 12. e4 Nfd7 13. Qc2 Qc7 14. b3 Rfb8 15. a4 Qb7 16. h4 Ne5 17. Nxe5 Bxe5 18. f4 Bd4+ 19. Be3 Nd7 20. Rab1 Qb6 21. Kh2 Qa5 22. Bd2 Qb6 23. Nd1 Nf6 24. Bf3 Bc8 25. Ne3 Qc7 26. Kg2 Qd7 27. Rh1 h5 28. Nc4 Ng4 29. Be1 Ba6 30. Bxg4 Qxg4 31. Bf2 Rb4 32. Be1 Rb7 33. Bf2 Rab8 34. Qd3 Rb4 35. Bxd4 cxd4 36. Kf2 Bxc4 37. bxc4 Rb2+ 38. Rxb2 Rxb2+ 39. Kg1 Re2 40. Rh2 Re3 41. Qf1 Rf3 42. Rf2 Rxg3+ 43. Rg2 d3 0-1

[Event "Olympiad-41"]
[Site "Tromsoe"]
[Date "2014.08.05"]
[Round "4.4"]
[White "Hj, Azahari Md Aliuddin"]
[Black "Notha, Moakofi"]
[Result "1-0"]
[WhiteElo "2030"]
[BlackElo "2070"]
[PlyCount "117"]
[EventDate "2014.08.02"]
[EventType "team-swiss"]
[EventRounds "11"]
[EventCountry "NOR"]
[SourceTitle "CBM 162"]
[Source "ChessBase"]
[SourceDate "2014.09.17"]
[SourceVersion "1"]
[SourceVersionDate "2014.09.17"]
[SourceQuality "1"]
[WhiteTeam "Brunei"]
[BlackTeam "Botswana"]
[WhiteTeamCountry "BRN"]
[BlackTeamCountry "BOT"]

1. e4 e5 2. Nf3 Nc6 3. Nc3 Nf6 4. d4 exd4 5. Nxd4 Bb4 6. Nxc6 bxc6 7. Bd3 d5 8. exd5 cxd5 9. 0-0 0-0 10. Bg5 c6 11. Qf3 Be7 12. Rae1 Be6 13. h3 Rb8 14. Nd1 Nd7 15. Bxe7 Qxe7 16. b3 Rfe8 17. Ne3 Qg5 18. Nf5 Bxf5 19. Qxf5 Qxf5 20. Bxf5 Nf6 21. f3 Kf8 22. Kf2 h6 23. c3 a5 24. h4 Re7 25. Rxe7 Kxe7 26. Re1+ Kd6 27. Re3 Re8 28. Rxe8 Nxe8 29. Ke3 c5 30. Bd3 Nc7 31. f4 Na8 32. a3 Nb6 33. Bb5 d4+ 34. cxd4 Nd5+ 35. Kf3 cxd4 36. Bc4 Ne3 37. Bxf7 Nc2 38. Ke4 Kc5 39. g4 Nxa3 40. g5 Nb5 41. Kd3 Nd6 42. Be6 Ne8 43. f5 hxg5 44. hxg5 Nc7 45. Bf7 Kd6 46. Kxd4 Nb5+ 47. Ke4 a4 48. bxa4 Nc3+ 49. Kf4 Nxa4 50. f6 gxf6 51. g6 Ke7 52. Bb3 Nc5 53. g7 Nxb3 54. g8Q Nc5 55. Qa8 Nd7 56. Kf5 Nf8 57. Qb7+ Nd7 58. Qc7 Ke8 59. Ke6 1-0